| 000 | 00345nam a2200133Ia 4500 | ||
|---|---|---|---|
| 008 | 240624s9999 xx 000 0 und d | ||
| 041 | _aeng | ||
| 082 | _a364.16 ECH | ||
| 100 | _aECHOLS ALICE | ||
| 245 | _aSHORTFALL FAMILY SECRETS FINANCIAL COLLA | ||
| 260 |
_c2017 _aNew York _bThe New Press |
||
| 300 | _axxx, 318 p.; 23 cm. | ||
| 365 |
_c _b33 |
||
| 999 |
_c32405 _d32405 |
||